| Поле | Инд. | ПП | Название | Значение |
|---|---|---|---|---|
| Тип записи | a | |||
| Библиографический уровень | m | |||
| 001 | Контрольный номер | b338b74361534544aa9fb9fe3ba5dce7 | ||
| 005 | Дата корректировки | 20190515094941.7 | ||
| 020 | a | ISBN | 978-5-10-004016-3 | |
| 040 | a | Служба первич. каталог. | НБ ТвГУ | |
| b | Код языка каталог. | rus | ||
| e | Правила каталог. | PSBO | ||
| 041 | 0_ | a | Код языка текста | rus |
| 080 | a | Индекс УДК | 598.2 | |
| 084 | a | Индекс другой классификации/Индекс ББК | Е693.35 | |
| 090 | a | Полочн. индекс | Е693.35 | |
| x | Авторский знак | П 87 | ||
| 097 | b | Оператор | Semenova.ZR | |
| 245 | 10 | a | Заглавие | Птицы Подмосковья |
| b | Продолж. заглавия | полевой определитель | ||
| c | Ответственность | отв ред. В. А. Зубакин ; худож. А. А. Мосалов ; Союз охраны птиц России | ||
| 260 | c | Дата издания | 2009 | |
| a | Место издания | Москва | ||
| b | Издательство | Колос | ||
| 300 | a | Объем | 231 с. | |
| b | Иллюстрации/ тип воспроизводства | ил., цв. ил. | ||
| 520 | 0_ | a | Аннотация | Данная книга представляет собой иллюстрированный определитель птиц Московского региона в природе — в лесу, на лугу, в поле, на водоёме и др. Книга содержит цветные таблицы (рисунки) с изображениями 307 видов птиц (см. список русских и латинских названий) средней полосы России в разных возрастных и сезонных нарядах, а также написанные по единой схеме краткие очерки, в которых перечислены главные отличительные признаки тех или иных видов, особенности их голоса и повадок, характер пребывания и места обитания этих видов в Подмосковье. Кроме того, в книге приведены сведения о богатых в орнитологическом отношении и наиболее интересных для любителей-орнитологов местах Подмосковья с перечислением видов птиц, которые могут быть там встречены. Книга предназначена для орнитологов-любителей, учителей биологии, работников охотничьего хозяйства и природоохранных служб, студентов-биологов, а также всех интересующихся птицами и природой средней полосы России. |
| 653 | 0_ | a | Ключевые слова | Птицы Подмосковья |
| a | Ключевые слова | Определитель птиц | ||
| a | Ключевые слова | Полевой определитель птиц | ||
| a | Ключевые слова | Московский регион | ||
| a | Ключевые слова | Орнитология | ||
| 700 | 12 | a | Другие авторы | Мосалов А. А. |
| 700 | 12 | a | Другие авторы | Зубакин В. А. |
| 700 | 12 | a | Другие авторы | Авилова К. В. |
| 700 | 12 | a | Другие авторы | Волков С. В. |
| 901 | t | Тип документа | m | |
| 920 | a | Оператор | Семен | |
| a | Оператор | Суха | ||
| a | Оператор | Стро | ||
| 930 | a | Новая/Ретро | новая | |
| 952 | c | Вид литературы | К рнс | |
| 954 | b | Дата поступления в ОК | 20190206 | |
| a | Дата поступления на обработку | 20190215 | ||
| c | Дата окончания ОНО | 20190515 |